| 000 | 012690000a22003130004500 | ||
|---|---|---|---|
| 003 | EG-GICUC | ||
| 005 | 20250223033014.0 | ||
| 008 | 070424s2001 ua d f m 000 0 Eng d | ||
| 040 |
_aEG-GICUC _beng _cEG-GICUC |
||
| 041 | 0 | _aEng | |
| 049 | _aDeposite | ||
| 097 | _aPh.D | ||
| 099 | _aCai01.11.33.Ph.D.2001.He.G | ||
| 100 | 0 | _aHesham Ibrahim Elmakhzangy | |
| 245 | 1 | 0 |
_aGastric emptying kinetics in patients with chronic liver disease and portal hypertension / _cHesham Ibrahim Elmakhzangy ; Supervised Abuldahab Mahmoud Elsahly , Hosna Mohamed Mostafa |
| 246 | 1 | 5 | _aدراسة حركية الافراغ المعديى فى مرضى الكبد المزمن و ارتفاع ضغط الوريدى البابى |
| 260 |
_aCairo : _bHesham Ibrahim Elmakhzangy , _c2001 |
||
| 300 |
_a225P : _bcharts ; _c25cm |
||
| 502 | _aThesis (PH.D.) - Cairo University - Faculty Of Medicine - Department Of Tropical Medicine | ||
| 530 | _aIssued also as CD | ||
| 653 | 4 | _aAntroduodenal manometry | |
| 653 | 4 | _aChronic liver disease | |
| 700 | 0 |
_aAbuldahab Mahmoud Elsahly , _eSupervisor |
|
| 700 | 0 |
_aHosna Mohamed Mostafa , _eSupervisor |
|
| 856 | _uhttp://172.23.153.220/th.pdf | ||
| 905 |
_aEsam _eRevisor |
||
| 905 |
_aNazla _eCataloger |
||
| 942 |
_2ddc _cTH |
||
| 999 |
_c86003 _d86003 |
||